Statistics for Countries That Contain the Letter 'W'

Click here to take the quiz!

General Stats

  • This quiz has been taken 600 times
  • The average score is 8 of 12

Answer Stats

Country% Correct
Sweden
81%
Switzerland
79%
Swaziland
74%
New Zealand
71%
Rwanda
68%
Malawi
67%
Zimbabwe
64%
Norway
62%
Botswana
54%
Taiwan
53%
Kuwait
47%
Papua New Guinea
45%

Score Distribution

Percentile by Number Answered

Percent of People with Each Score

Your Score History

You have not taken this quiz